000
00397nam a22001337a 4500
003
SGT
020
_a
9788126714889
082
_a
320
_b
B08C
100
_a
चौधरी, प्रसन्न कुमार
245
_a
बिहार झारखण्ड में महायुद्ध
260
_b
राजकमल प्रकाशन
_c
2008
300
_a
461
942
_2
ddc
_c
BK
999
_c
31880
_d
31880